[Event "4NCL 2009-10"]
[Site "Sunningdale ENG"]
[Date "2010.05.03"]
[Round "11"]
[White "Posazhennikov,A"]
[Black "Cooley,C"]
[Result "1-0"]
[WhiteElo "2252"]
[BlackElo "2265"]
[EventDate "2009.10.24"]

1. d4 Nf6 2. c4 g6 3. Nf3 Bg7 4. Bf4 O-O 5. e3 c5 6. Nc3 cxd4 7. exd4 d5 8.
Ne5 Nc6 9. Be2 Be6 10. c5 Ne4 11. Nxc6 bxc6 12. Qa4 Nxc3 13. bxc3 Bd7 14.
O-O f6 15. c4 e5 16. Bg3 Qc8 17. Rab1 Re8 18. Bf3 e4 19. Be2 f5 20. Rfd1
Be6 21. cxd5 Bxd5 22. Ba6 Qe6 23. Re1 f4 24. Bxf4 e3 25. fxe3 Bxa2 26. Rbc1
Bd5 27. e4 Qg4 28. exd5 Qxf4 29. dxc6 Rxe1+ 30. Rxe1 Rf8 31. Qa2+ Kh8 32.
d5 Bd4+ 33. Kh1 Bxc5 34. Qe2 Bd6 35. g3 Qf6 36. Kg2 Qd4 37. Rd1 Qa4 1-0

[Event "4NCL 2009-10"]
[Site "Sunningdale ENG"]
[Date "2010.05.03"]
[Round "11"]
[White "Harakis,A"]
[Black "Dunn,An1"]
[Result "0-1"]
[WhiteElo "2263"]
[BlackElo "2220"]
[EventDate "2009.10.24"]

1. d4 d5 2. c4 e6 3. Nc3 Be7 4. cxd5 exd5 5. Bf4 c6 6. Qc2 g6 7. e3 Bf5 8.
Qd2 h5 9. f3 Nf6 10. Nge2 h4 11. Be5 Nbd7 12. O-O-O Qa5 13. e4 dxe4 14.
fxe4 Bg4 15. Bf4 O-O-O 16. Qc2 Nb6 17. h3 Bh5 18. Kb1 g5 19. Bc1 Bg6 20. g4
Rhe8 21. Ka1 Bb4 22. Bg2 Nbd5 23. Rhf1 Bxc3 24. Bxg5 Nb4 25. Qb3 Qxg5 26.
bxc3 Nxe4 27. Qxb4 Ng3 28. Nxg3 hxg3 29. d5 cxd5 30. h4 Qe5 31. Rfe1 Qxe1
32. Rxe1 Rxe1+ 33. Kb2 Re2+ 34. Ka3 Rxg2 35. h5 Be4 36. Qe7 Rc2 37. Qc5+
Kb8 38. h6 g2 39. h7 Bxh7 40. Qe7 Rxc3+ 41. Kb4 g1=Q 0-1

[Event "4NCL 2009-10"]
[Site "Sunningdale ENG"]
[Date "2010.05.03"]
[Round "11"]
[White "Rice,C"]
[Black "Rosen,D"]
[Result "1/2-1/2"]
[WhiteElo "2103"]
[BlackElo "2145"]
[EventDate "2009.10.24"]

1. c4 e5 2. g3 Nc6 3. Bg2 d6 4. Nc3 f5 5. d3 Nf6 6. e4 Be7 7. Nge2 O-O 8.
O-O fxe4 9. dxe4 Be6 10. Nd5 Qd7 11. f3 Rf7 12. Be3 Raf8 13. Qd2 Ne8 14. b4
b6 15. Rac1 a5 16. a3 axb4 17. axb4 Bh3 18. Ra1 Bd8 19. Ra8 Nf6 20. Rf2
Bxg2 21. Kxg2 Ne7 22. Nec3 Qc6 23. Qa2 Nexd5 24. Nxd5 Nxd5 25. exd5 Qd7 26.
Qc2 b5 27. Qe4 bxc4 28. Qxc4 Qf5 29. Qe4 Qh5 30. b5 Bg5 1/2-1/2

[Event "4NCL 2009-10"]
[Site "Sunningdale ENG"]
[Date "2010.05.03"]
[Round "11"]
[White "McEwan,K"]
[Black "Donovan,N"]
[Result "1-0"]
[WhiteElo "2142"]
[BlackElo "2059"]
[EventDate "2009.10.24"]

1. d4 Nf6 2. Nf3 e6 3. Bg5 c5 4. c3 Qb6 5. Qb3 Qxb3 6. axb3 Be7 7. e3 O-O
8. Nbd2 Nc6 9. dxc5 Bxc5 10. b4 Be7 11. b5 Nb8 12. Nc4 a6 13. e4 Bd8 14.
Nd6 Bc7 15. e5 Nd5 16. Bc4 Nb6 17. Bd3 f6 18. Nxc8 fxg5 19. Nxb6 Bxb6 20.
Nxg5 Rxf2 21. Bxh7+ Kh8 22. Bg6 Be3 23. Ra4 Rf4 24. Rxf4 Bxf4 25. Rf1 1-0

[Event "4NCL 2009-10"]
[Site "Sunningdale ENG"]
[Date "2010.05.03"]
[Round "11"]
[White "Atako,C"]
[Black "Goodger,M"]
[Result "1-0"]
[WhiteElo "2088"]
[BlackElo "2147"]
[EventDate "2009.10.24"]

1. e4 e5 2. Nf3 Nf6 3. Nc3 d6 4. d4 exd4 5. Nxd4 Be7 6. Be2 O-O 7. O-O Re8
8. Re1 Bf8 9. Bc4 Nbd7 10. Bg5 h6 11. Bh4 Ne5 12. Bf1 c5 13. Bxf6 Qxf6 14.
Nd5 Qh4 15. g3 Qd8 16. Nb5 Qa5 17. Re3 Bg4 18. Be2 Nc4 19. Rb3 Bxe2 20.
Qxe2 Nd2 21. Re3 Rxe4 22. Rxe4 Nxe4 23. Nbc7 Rc8 24. Qxe4 Rxc7 25. Nxc7
Qxc7 26. c4 Qd8 27. Re1 Qd7 28. Qe8 Qf5 29. Qe4 Qd7 30. b3 g6 31. Qe8 Qf5
32. Qb8 d5 33. cxd5 Kg7 34. Qe5+ Qxe5 35. Rxe5 Bd6 36. Re8 Kf6 37. Kf1 h5
38. h3 b5 39. Ke2 a5 40. Kd3 h4 41. g4 Kg5 42. Rd8 Bh2 43. Rc8 f5 44. gxf5
Kxf5 45. Rxc5 Bg1 46. Ke2 1-0